| 000 | 00488nam a22001697a 4500 | ||
|---|---|---|---|
| 003 | BD-ChCU | ||
| 005 | 20251208091555.0 | ||
| 008 | 251208b bg ||||| |||| 00| 0 ben d | ||
| 040 | _cBD-ChCU | ||
| 082 | _a330.19355 STW | ||
| 100 |
_aStein , Emanuel _917622 |
||
| 245 |
_aWar economics by Jules Backman and others ./ _cEmanuel , Stein. |
||
| 260 |
_aNew York : _bFarrar & Rinehart , _cC 1942 |
||
| 300 | _ax , 501p | ||
| 650 | 0 |
_aWar - economic Aspects . _917625 |
|
| 942 |
_2ddc _cBK _n0 |
||
| 999 |
_c110196 _d110196 |
||